[Event "Oberliga Nord W 1415"]
[Site "Germany"]
[Date "2015.02.01"]
[Round "6.1"]
[White "Kroeze, Frank"]
[Black "Lingnau, Carsten"]
[Result "1/2-1/2"]
[WhiteElo "2396"]
[BlackElo "2398"]
[PlyCount "29"]
[EventDate "2014.09.22"]
[EventType "team-tourn"]
[EventRounds "9"]
[EventCountry "GER"]
[SourceTitle "EXT 2016"]
[Source "ChessBase"]
[SourceDate "2015.10.08"]
[SourceVersion "1"]
[SourceVersionDate "2015.10.08"]
[SourceQuality "1"]
[WhiteTeam "Nordhorn Blanke"]
[BlackTeam "Hellern"]
[WhiteTeamCountry "GER"]
[BlackTeamCountry "GER"]

1. e4 e5 2. Nf3 Nc6 3. Nc3 Nf6 4. d4 exd4 5. Nxd4 Bb4 6. Nxc6 bxc6 7. Bd3 0-0 8. 0-0 d5 9. exd5 cxd5 10. Bg5 c6 11. Qf3 Bd6 12. Ne2 Be5 13. c3 Qd6 14. h3 Re8 15. Ng3 1/2-1/2

[Event "Oberliga Nord W 1415"]
[Site "Germany"]
[Date "2014.11.09"]
[Round "3.1"]
[White "Kroeze, Frank"]
[Black "Izrailev, Alexander"]
[Result "0-1"]
[WhiteElo "2397"]
[BlackElo "2291"]
[PlyCount "70"]
[EventDate "2014.09.22"]
[EventType "team-tourn"]
[EventRounds "9"]
[EventCountry "GER"]
[SourceTitle "EXT 2016"]
[Source "ChessBase"]
[SourceDate "2015.10.08"]
[SourceVersion "1"]
[SourceVersionDate "2015.10.08"]
[SourceQuality "1"]
[WhiteTeam "Nordhorn Blanke"]
[BlackTeam "Hannover"]
[WhiteTeamCountry "GER"]
[BlackTeamCountry "GER"]

1. e4 e6 2. d3 d5 3. Qe2 Nf6 4. Nf3 Be7 5. g3 b6 6. e5 Nfd7 7. Bg2 Bb7 8. h4 c5 9. 0-0 Nc6 10. Re1 h6 11. h5 Nf8 12. c4 Qd7 13. Nc3 0-0-0 14. Bh3 dxc4 15. dxc4 Qd3 16. Nd5 Rxd5 17. cxd5 Qxd5 18. Kh2 Nb4 19. Bg2 Ba6 20. Qd1 Qxd1 21. Rxd1 Nd7 22. Bf4 Rd8 23. Ne1 Be2 24. Rd2 Bxh5 25. a3 Na6 26. Nd3 Nc7 27. Rc1 Nd5 28. Bxd5 exd5 29. Nb4 g5 30. Rxd5 gxf4 31. Nc6 fxg3+ 32. Kxg3 Rg8+ 33. Kh3 Bg4+ 34. Kh2 Bg5 35. Rc3 Kc7 0-1

[Event "Oberliga Nord W 1415"]
[Site "Germany"]
[Date "2014.10.19"]
[Round "2.1"]
[White "Ermel, Dirk"]
[Black "Kroeze, Frank"]
[Result "0-1"]
[WhiteElo "2148"]
[BlackElo "2397"]
[PlyCount "60"]
[EventDate "2014.09.22"]
[EventType "team-tourn"]
[EventRounds "9"]
[EventCountry "GER"]
[SourceTitle "EXT 2016"]
[Source "ChessBase"]
[SourceDate "2015.10.08"]
[SourceVersion "1"]
[SourceVersionDate "2015.10.08"]
[SourceQuality "1"]
[WhiteTeam "Hildesheim"]
[BlackTeam "Nordhorn Blanke"]
[WhiteTeamCountry "GER"]
[BlackTeamCountry "GER"]

1. e4 e5 2. Nf3 Nf6 3. Bc4 Nxe4 4. Nc3 Nc6 5. Nxe4 d5 6. Bd3 dxe4 7. Bxe4 Bd6 8. 0-0 0-0 9. Re1 Bg4 10. d3 f5 11. Bd5+ Kh8 12. h3 Bh5 13. c3 Ne7 14. Bg5 c6 15. Be6 h6 16. g4 fxg4 17. hxg4 Bf7 18. Bxf7 Rxf7 19. Bh4 Qd7 20. Bg3 Ng6 21. Nh4 Nxh4 22. Bxh4 Raf8 23. Re4 Bc5 24. d4 exd4 25. cxd4 Qd5 26. Qd3 Rf3 27. Re3 Bxd4 28. Rxf3 Rxf3 29. Qe2 Rh3 30. Qe8+ Kh7 0-1

[Event "Oberliga Nord W 1314"]
[Site "Germany"]
[Date "2014.04.06"]
[Round "9.2"]
[White "Brodhuhn, Reinhard"]
[Black "Kroeze, Frank"]
[Result "1/2-1/2"]
[WhiteElo "2237"]
[BlackElo "2405"]
[PlyCount "45"]
[EventDate "2013.10.13"]
[EventType "team-tourn"]
[EventRounds "9"]
[EventCountry "GER"]
[SourceTitle "EXT 2015"]
[Source "ChessBase"]
[SourceDate "2014.11.20"]
[SourceVersion "1"]
[SourceVersionDate "2014.11.20"]
[SourceQuality "1"]
[WhiteTeam "Hannover SF"]
[BlackTeam "Nordhorn Blanke"]
[WhiteTeamCountry "GER"]
[BlackTeamCountry "GER"]

1. d4 d5 2. c4 dxc4 3. Nf3 c5 4. d5 e6 5. e4 exd5 6. exd5 Bd6 7. Bxc4 Ne7 8. Nc3 0-0 9. 0-0 Bg4 10. h3 Bh5 11. Ne4 Bg6 12. Re1 Bxe4 13. Rxe4 Nd7 14. Bg5 Nb6 15. Qe2 f6 16. Bf4 Bxf4 17. Rxf4 Qd6 18. Re4 Nxc4 19. Rxe7 Ne5 20. Rxb7 Qxd5 21. Rb3 Nxf3+ 22. Qxf3 Qxf3 23. Rxf3 1/2-1/2

[Event "Oberliga Nord W 1314"]
[Site "Germany"]
[Date "2014.02.23"]
[Round "7.1"]
[White "Braun, Vitali"]
[Black "Kroeze, Frank"]
[Result "1/2-1/2"]
[WhiteElo "2403"]
[BlackElo "2405"]
[PlyCount "73"]
[EventDate "2013.10.13"]
[EventType "team-tourn"]
[EventRounds "9"]
[EventCountry "GER"]
[SourceTitle "EXT 2015"]
[Source "ChessBase"]
[SourceDate "2014.11.20"]
[SourceVersion "1"]
[SourceVersionDate "2014.11.20"]
[SourceQuality "1"]
[WhiteTeam "Braunschweig"]
[BlackTeam "Nordhorn Blanke"]
[WhiteTeamCountry "GER"]
[BlackTeamCountry "GER"]

1. d4 d5 2. c4 c6 3. Nf3 e6 4. e3 Nf6 5. b3 Nbd7 6. Nbd2 b6 7. Bd3 Bb7 8. 0-0 Be7 9. Bb2 Qc7 10. Qe2 0-0 11. Rac1 Rad8 12. Rfd1 Qb8 13. e4 dxe4 14. Nxe4 c5 15. dxc5 Nxc5 16. Nxf6+ Bxf6 17. Bxf6 gxf6 18. Bc2 Qf4 19. Qe3 Qxe3 20. fxe3 Rxd1+ 21. Rxd1 Rc8 22. Rd4 f5 23. Ne5 Rc7 24. g4 f6 25. Nd3 Nxd3 26. Bxd3 fxg4 27. Rxg4+ Rg7 28. Rxg7+ Kxg7 29. e4 Kf7 30. Kf2 Ke7 31. Ke3 Kd6 32. Kd4 a5 33. a3 e5+ 34. Kc3 Kc5 35. b4+ Kd6 36. Bc2 Bc8 37. Kd2 1/2-1/2

[Event "NED-chT 1314"]
[Site "Netherlands"]
[Date "2014.01.24"]
[Round "5.1"]
[White "Kroeze, Frank"]
[Black "Burg, Twan"]
[Result "0-1"]
[WhiteElo "2396"]
[BlackElo "2490"]
[PlyCount "94"]
[EventDate "2013.09.21"]
[EventType "team-tourn"]
[EventRounds "9"]
[EventCountry "NED"]
[SourceTitle "EXT 2015"]
[Source "ChessBase"]
[SourceDate "2014.11.20"]
[SourceVersion "1"]
[SourceVersionDate "2014.11.20"]
[SourceQuality "1"]
[WhiteTeam "ESG Max Euwe"]
[BlackTeam "Calder HMC"]
[WhiteTeamCountry "NED"]
[BlackTeamCountry "NED"]

1. e4 c5 2. Nf3 d6 3. d4 cxd4 4. Qxd4 Nc6 5. Bb5 Bd7 6. Bxc6 Bxc6 7. Nc3 Nf6 8. Bg5 e6 9. 0-0-0 Be7 10. Qd3 Qa5 11. Bd2 Qa6 12. Nd4 Qxd3 13. cxd3 Rc8 14. Kb1 d5 15. f3 0-0 16. e5 Nd7 17. f4 Nc5 18. Be3 f6 19. exf6 Bxf6 20. g3 Be8 21. Nce2 Bg6 22. Nc1 e5 23. fxe5 Bxe5 24. Ndb3 d4 25. Bxd4 Bxd4 26. Nxd4 Rf2 27. Ka1 Na4 28. Nce2 Bh5 29. Rde1 Rd8 30. Rhf1 Rxh2 31. Ne6 Re8 32. N2f4 Bf7 33. Ng5 h6 34. Nxf7 Rxe1+ 35. Rxe1 Kxf7 36. Nd5 Nxb2 37. Re7+ Kf8 38. Rxb7 Nxd3 39. Kb1 a5 40. Rb3 Rd2 41. Rb8+ Kf7 42. Rb7+ Ke6 43. Nc3 g5 44. Rb6+ Ke5 45. Rxh6 Rb2+ 46. Ka1 Rc2 47. Rg6 Kf5 0-1

[Event "Oberliga Nord W 1314"]
[Site "Germany"]
[Date "2013.12.15"]
[Round "4.2"]
[White "Schreiner, Till"]
[Black "Kroeze, Frank"]
[Result "1-0"]
[WhiteElo "2301"]
[BlackElo "2405"]
[PlyCount "67"]
[EventDate "2013.10.13"]
[EventType "team-tourn"]
[EventRounds "9"]
[EventCountry "GER"]
[SourceTitle "EXT 2015"]
[Source "ChessBase"]
[SourceDate "2014.11.20"]
[SourceVersion "1"]
[SourceVersionDate "2014.11.20"]
[SourceQuality "1"]
[WhiteTeam "Lueneburg Turm"]
[BlackTeam "Nordhorn Blanke"]
[WhiteTeamCountry "GER"]
[BlackTeamCountry "GER"]

1. d4 d5 2. c4 dxc4 3. Nf3 c5 4. e3 cxd4 5. Bxc4 Qc7 6. Bb3 dxe3 7. Bxe3 e6 8. Nc3 Nf6 9. 0-0 Nc6 10. Nb5 Qb8 11. Qc1 Nh5 12. Nfd4 Bd7 13. Bd1 Nf6 14. Bf4 e5 15. Re1 Be7 16. Rxe5 Nxe5 17. Nc7+ Kf8 18. Bxe5 Qd8 19. Nxa8 Qxa8 20. Bf3 Ng4 21. Bxg4 Bxg4 22. Qf4 h5 23. h3 Bd7 24. Re1 Bd8 25. Nf5 f6 26. Bd6+ Kf7 27. Qc4+ Kg6 28. Ne7+ Bxe7 29. Rxe7 Be8 30. Qd3+ Kh6 31. Bf4+ g5 32. Qf5 gxf4 33. Qxf6+ Bg6 34. Qxf4# 1-0

[Event "NED-chT 1314"]
[Site "Netherlands"]
[Date "2013.12.07"]
[Round "3.4"]
[White "Van der Weide, Karel"]
[Black "Kroeze, Frank"]
[Result "1/2-1/2"]
[WhiteElo "2448"]
[BlackElo "2396"]
[PlyCount "33"]
[EventDate "2013.09.21"]
[EventType "team-tourn"]
[EventRounds "9"]
[EventCountry "NED"]
[SourceTitle "EXT 2015"]
[Source "ChessBase"]
[SourceDate "2014.11.20"]
[SourceVersion "1"]
[SourceVersionDate "2014.11.20"]
[SourceQuality "1"]
[WhiteTeam "Rotterdam"]
[BlackTeam "ESG Max Euwe"]
[WhiteTeamCountry "NED"]
[BlackTeamCountry "NED"]

1. e4 c6 2. d4 d5 3. e5 c5 4. dxc5 e6 5. Be3 Nh6 6. c3 Nf5 7. Bd4 Nxd4 8. cxd4 b6 9. Bb5+ Bd7 10. Bxd7+ Nxd7 11. c6 Nb8 12. Qa4 Qc7 13. Nc3 Qxc6 14. Rc1 Qxa4 15. Nxa4 Kd7 16. Nf3 Be7 17. Ke2 1/2-1/2